MDQL
is popping MORE tags! Check the
thread
!
Quizzes
Events
Quiz Creation
Community
Videos
Private Events
Remove Ads
Sign In
Join for FREE
Feedback
Dark Mode
Quiz Categories
Sports
Geography
Music
Movies
Television
Just For Fun
Miscellaneous
History
Literature
Language
Science
Gaming
Entertainment
Religion
Holiday
For Kids
Quiz Lab
Recent
Popular Today
Quiz Kudos Today
Editor Picks
Curator Picks
Quizzes by...
Day
Popularity
Type
Ratings
Length
Year
Community
Subscriptions
Recent Discussions
Orange Saloon
Badges
Playlists
Quests
Create
Leaderboards
Showdown
Live 5
Trivia Bingo
Activity
Puzzle Library
Sporcle Events
Private Events
Virtual Trivia
Globe League
Become a Host
Pub Owners
SporcleCon
Opinionation
Our Games
Videos
Blog
Mobile Apps
Partnerships
Remove Ads and Go Orange
Feedback
Movies
Disney
Marvel Cinematic Universe
Movie Resume
Movie Titles
Oscar
Actor
Actress
Director
Pixar
Role
Movie Quotes
Movie Characters
Box Office
Nominee
Best Picture
Star Wars
James Bond
Horror Movies
Movies
Disney
Marvel Cinematic Universe
Movie Resume
Movie Titles
Oscar
Actor
Actress
Director
Pixar
Role
Movie Quotes
Movie Characters
Box Office
Nominee
Best Picture
Star Wars
James Bond
Horror Movies
Random Quiz
Search Sporcle
×
Quiz Lab
Quiz Lab
Movies
Quote
Type in answers that appear in a list
Type in answers that appear in a list
Classic
Best Score? Go Orange.
Incredibly Eclectic Ninety 90s Quotes Quiz Stats
Can you name the 1990s movies these quotes are from?
By
kthxbai
15m
90 Questions
470 Plays
470 Plays
470 Plays
Comments
Comments
Give Quiz Kudos
Give Quiz Kudos
-
- Ratings
hide this ad
Replay
Link that replays current quiz
Next Quiz
Link to next quiz in quiz playlist
You Got
0%
They Got
Avg Score
22%
Avg Friend Score
Upgrade to see
Score Distribution
Jump to the score distribution portion of the page
Score
0/90
Timer
15:00
0
Plays Today
Quote
Movie Title
% Correct
It rubs the lotion on its skin or else it gets the hose again.
Silence of the Lambs
78.3%
...why does it say paper jam when there is no paper jam?
Office Space
68%
I'm not a smart man...but I know what love is.
Forrest Gump
67.6%
I want you to draw me like one of your French girls.
Titanic
61.8%
There's no crying in baseball!
A League of Their Own
61.4%
That'll do pig. That'll do.
Babe
57.1%
Hey, why am I Mr. Pink?
Reservoir Dogs
54.6%
Oh, I'm sorry, did I break your concentration?
Pulp Fiction
53.9%
Well, I got her number. How do you like them apples?
Good Will Hunting
53.7%
The greatest trick the Devil ever pulled was convincing the world he didn't exist.
The Usual Suspects
51.4%
And I guess that was your accomplice in the wood chipper.
Fargo
51.2%
If I risk my neck for you, will I get a chance to kill Englishmen?
Braveheart
50.1%
Good morning, and it case I don't see ya, good afternoon, good evening, and good night!
The Truman Show
46.7%
That rug really tied the room together.
The Big Lebowski
45.6%
This list...is an absolute good. The list is life.
Schindler's List
44.6%
'Which car company do you work for?' 'A major one.'
Fight Club
42.9%
...you're the goalie. It's supposed to hit you.
The Mighty Ducks
40.9%
We just lost the moon.
Apollo 13
38%
Well, I'm sure there have been amazing technological advances in the industry, but surely you must have some sort of training program.
American Beauty
37.1%
You make me want to be a better man.
As Good As It Gets
36.2%
Shoot the hostage.
Speed
35.6%
Geology is the study of pressure and time. That's all it takes really, pressure and time.
The Shawshank Redemption
35.4%
Stop trying to hit me and hit me.
The Matrix
34.3%
Ditto.
Ghost
32.6%
Put...the bunny...back...in the box.
Con Air
30.5%
*Dragon*, not lizard. I don't do that tongue thing.
Mulan
30.5%
What is a 'yute'?
My Cousin Vinny
29%
You are a sad, strange little man...
Toy Story
28.4%
He's experienced about as much pain and suffering as anyone I've encountered, give or take, and he still has Hell to look forward to.
Se7en
26.7%
Anybody hear that? It's an...It's an impact tremor...
Jurassic Park
26%
Quote
Movie Title
% Correct
Sometimes you have to show a little skin. This reminds boys of being naked, and then they think of sex.
Clueless
25.6%
It's a hell of a thing, killin' a man. Take away all he's got, and all he's ever gonna have.
Unforgiven
25.6%
'You broke my arm!' 'There's 215 bones in the human body. That's one.'
Terminator 2
23.7%
...when it comes to brute strength...I'm afraid I'm at the shallow end of the gene pool.
The Lion King
23.5%
'You can have my gun when you pry it from my cold dead fingers.' 'Your proposal is acceptable.'
Men in Black
22.4%
Dunbar, not Dumb Bear.
Dances With Wolves
21.7%
Nobody's looking for a puppeteer in today's wintry economic climate.
Being John Malkovich
21.3%
I use antlers in all of my decorating!
Beauty and the Beast
20.7%
Choose life. Choose a job. Choose a career. Choose a family.
Trainspotting
20.7%
Your errand is to run across the freeway until I yell, 'Cut!'
Bowfinger
20.5%
It's like finding a needle in a stack of needles.
Saving Private Ryan
19.8%
We didn't land on Plymouth Rock. Plymouth Rock landed on us.
Malcolm X
19.2%
I never thought I'd be so happy to be a virgin.
Scream
19%
OK, here's your motivation. You're lost, you're angry in the woods, and no one is here to help you.
The Blair Witch Project
19%
Hey, come on. I'll show you where my dad keeps his gun.
The Sixth Sense
18.6%
I know something of a woman in a man's profession. Yes, by God, I do know about that.
Shakespeare in Love
17.1%
Did he actually refer to himself as 'the talent'?
Groundhog Day
14.5%
There never was an Aaron, counselor.
Primal Fear
14.3%
I have two guns, one for each of ya.
Tombstone
13.9%
By Grabthar's hammer, by the sons of Worvan, you shall be avenged.
Galaxy Quest
13.9%
...the hollow at the base of a woman's throat, does it have an official name?
The English Patient
13.6%
Who in their right mind, Kevin, could possible deny the twentieth century was entirely mine.
The Devil's Advocate
13.4%
You submit, do you hear? You be strong, you survive...You stay alive, no matter what occurs! I will find you.
Last of the Mohicans
13.4%
What are you gonna do? Charge me with smoking?
Basic Instinct
13%
What am I gonna say? 'I killed the president of Paraguay with a fork. How've you been?'
Grosse Point Blank
11.1%
Maybe there won't be marriage...maybe there won't be sex...but, by God, there'll be dancing.
My Best Friend's Wedding
10.4%
Give us, us free. Give us, us free.
Amistad
10.2%
HE DIDN'T GET OUT OF THE COCK-
A-
DOODIE CAR!
Misery
10%
I always thought it would be better, to be a fake somebody...than a real nobody.
The Talented Mr. Ripley
9.6%
I...am a librarian.
The Mummy
9.4%
Quote
Movie Title
% Correct
In the future, when a woman is crying like that, she isn't having any fun.
Thelma and Louise
9.4%
How sexy am I now, huh? Flirty boy! How sexy am I now?
Natural Born Killers
8.7%
Jones is my name...I'm in insurance.
Twelve Monkeys
8.1%
Chicka, chicka, chickabee. T'ee an me an t'ee an me.
Nell
7.5%
Madam, I knew Jane Goodall and you are no Jane Goodall.
George of the Jungle
6.6%
I made a cow!
City Slickers
6.4%
No one's ever been mad enough to attempt the Rach Three.
Shine
6%
This happens. This is something that happens.
Magnolia
6%
During the filming of 'The Four Horsemen of the Apocalypse,' three of the horsemen died two weeks before the ending of principle photography. This is nothing!
Wag the Dog
5.8%
You go. We go.
Backdraft
5.8%
The voice you hear is not my speaking voice -
but my mind's voice. I have not spoken since I was six years old.
The Piano
5.8%
Bless me, Father, for I have just killed quite a few men.
Desperado
4.9%
Play the sunset.
Mr. Holland's Opus
4.7%
F**k-
a-
doodle-
do!
Four Weddings and a Funeral
4.7%
I will think on you dead, until my husband makes you so. And then I will think on you no more.
Rob Roy
4.5%
Tell me about the oranges, Lilly, while you put those in the towel.
The Grifters
4.3%
Remove your clothes...or would you like us to do it for you?
Eyes Wide Shut
4.1%
I'm lost! Where's the line? It just went away. What do I do? What do I do?
A Bug's Life
4.1%
Did you know that there are four hundred and fifty-
two official government cheeses in this country?
French Kiss
3.8%
'You are a very strange man.' 'You have no idea.'
Reversal of Fortune
3.6%
Once you go into that circle, the weather never changes. It's always 67 degrees with a 40% chance of rain.
Waiting for Guffman
3.2%
Today is a good day to die.
Flatliners
3%
I'll be the face of love for you.
Dead Man Walking
3%
Man, this Hieronymus Bosch is heavy!
Volcano
3%
Have you ever had a dream with a dwarf in it? Do you know anyone who's had a dream with a dwarf in it?
Living in Oblivion
3%
...kill them swiftly, if you will, but do it. For do not doubt: you are a killer...
Interview With the Vampire
2.6%
Why don't you go outside and jerk yourself a soda?
Bugsy
2.3%
You send them into the wilderness with a pocket knife and a Q-
tip and they build you a shopping mall.
Six Days, Seven Nights
2.3%
Never trust anything that can bleed for a week and not die.
In the Company of Men
1.9%
He's never met a princess before, only queens.
Gods and Monsters
0.9%
Quiz Playlist
Details
Report
Send in Message
Add To Playlist
Classic:
Type in answers that appear in a list
Last Updated: Feb 16, 2017
Quiz Scoreboard
CHALLENGE
Sign Up to Join the Scoreboard
Show All
Scores
Hide
Comments
May contain spoilers
Recently Published
1-10 Letter E Words III
by El_Dandy
Language
2m
Street Fighter Characters
by Artimus82
Gaming
60s
College Basketball Coaching Resumes
by pancakes188
Sports
9m
More to Explore
Quiz From the Vault
Featured Blog Post
Where Did the Easter Bunny Come From?
hide this ad
You Might Also Like...
Tags
Quote Quiz
1990
1990s
eclectic
Incredibly
Today's Top Quizzes in Movies
Browse Movies
hide this ad
Today's Top Quizzes in Quote
Browse Quote
Top Contributed Quizzes in Movies
1
Pick 5 Posters: Directed by Spielberg
2
7-to-1: Pixar Characters
3
Hidden Star Wars Character II
4
Hidden Star Wars Character III
5
Pick 5 Posters: Lowest-Rated Spielberg
6
Sorting Actresses
7
Sorting Actors
8
Hidden Star Wars Character IV
9
Hidden Star Wars Character V
10
Pick 5 Posters: Directed by Scorsese
Explore More
Trending Topics
Marvel
Anime
Crossword
Disney
NBA
Harry Potter
Kpop
Country
The Office
Song
Puzzle
WWE
Soccer
NFL
Pokémon
hide this ad
More By:
kthxbai
Quiz
Plays
Rating
Category
Featured
Created
100 Authors by Their Characters
140,585
4.27
Literature
Jul 6, 2010
Classic Movies by Haiku
32,270
4.36
Movies
Jul 29, 2010
Movies by Famous Props
3,483
4.07
Movies
May 26, 2010
Figure Out the Lyrics - Nostalgic
3,299
3.81
Music
May 21, 2010
From Eh to Zed - Canadian Trivia
1,175
4.71
Miscellaneous
Apr 3, 2010
Go to Creator's Profile
Score Distribution
Quiz Creator Spotlight
kthxbai
Follow
Send a Message
Quizzes Created
-
Created Quiz Play Count
-
More By This Creator
Popular Quizzes Today
1
Find the US States - No Outlines Minefield
2
Find the Countries of Europe - No Outlines Minefield
3
The Countries of the World
4
Find the US States
5
Risky Map Clicking: Biggest States A-Z
6
US States
7
Popular People in 1961
8
Movies - When Are They Set?
More Movies Quizzes
007 Villains: Boss or Goon?
Curator's Pick
Trending Quizzes
Risky Map Clicking: Least Populous States A-Z
USA Borders Longest to Shortest
1-10 Letter G Words
1-10 Letter F Words
Countries of the World: 200 Million BC
Recently Updated
Beyoncé Albums
pecheneg
Leaping Animals
pecheneg
Reality TV Shows (A-Z)
bhenderson79
Rickey Henderson's Hall of Fame Teammates
pecheneg
Champions League XIs: Arsenal
pecheneg
Quick Pick: Celebrities in WWE's Hall of Fame
aduchscher
A-Z Keypad Blitz II
pecheneg
Multiple Oscar Actors
pecheneg
Mystery Phrase Blitz: Oscar 'Best Actors'
pecheneg
F. Scott Fitzgerald Novels
LTH
Trending Topics
Crossword
Marvel
Harry Potter
NBA
Anime
Kpop
Disney
Soccer
Puzzle
The Office
WWE
Pokémon
Country
NFL
Song
Your Account Isn't Verified!
In order to create a playlist on Sporcle, you need to verify the email address you used during registration. Go to your
Sporcle Settings
to finish the process.
Report this User
Report this user for behavior that violates our
Community Guidelines
.
Details:
Send Report
Go to the Sporcle.com Mobile Site →
Comments